Statistics for Answers Contain Great

Click here to take the quiz!

General Stats

  • This quiz has been taken 36 times
  • The average score is 10 of 20

Answer Stats

HintAnswer% Correct
A large breed of dog.Great Danes
94%
A structure in China.The Great Wall
94%
A disastrous global conflict in 1914.The Great War
94%
They think alike.Great Minds
91%
Huron, Ontario, Michigan, Erie, and Superior.The Great Lakes
91%
A novel by F. Scott Fitzgerald.The Great Gatsby
88%
The economic crisis of the 1930s.The Great Depression
82%
One of Dickens's books.Great Expectations
70%
It comes with great responsibility.Great Power
55%
The Australian Wonder of the Natural World.The Great Barrier Reef
52%
Northeast America's power outage in 2003.The Great Blackout
48%
The historic split between Catholics and Orthodoxes.The Great Schism
36%
A campaign where Stalin had 750,000 executed.The Great Purge
33%
A throwable item in the Pokémon franchise.Great Balls
30%
The afterlife.The Great Beyond
27%
An ancient African city by Masvingo.The Great Zimbabwe
12%
The man who founded the Persian Empire.Cyrus the Great
9%
About 25,772 revolutions around the Sun.Great Year
6%
A marine sinkhole off the coast of Belize.The Great Blue Hole
6%
The panic that started the French Revolution.The Great Fear
6%

Score Distribution

Percentile by Number Answered

Percent of People with Each Score

Your Score History

You have not taken this quiz